Cronologia ingresso nell'Unione Europea - Statistics

Statistiche generali
  • Questo quiz è stato fatto 32 volte
  • Il punteggio medio è 14 su 28
Statistiche sulle risposte
Hint Risposta % Corretto
1958 Belgio
92%
1958 Francia
85%
1958 Germania
81%
1958 Italia
81%
1958 Lussemburgo
77%
1958 Paesi Bassi
73%
1973 Danimarca
58%
1986 Spagna
54%
1973 Irlanda
50%
1986 Portogallo
50%
1973 Regno Unito
50%
2013 Croazia
46%
1981 Grecia
46%
1995 Austria
42%
2004 Estonia
42%
1995 Finlandia
42%
2004 Lettonia
42%
2004 Lituania
42%
1995 Svezia
42%
2004 Polonia
38%
2004 Cipro
35%
2004 Malta
35%
2004 Repubblica Ceca
35%
2007 Romania
35%
2004 Slovacchia
35%
2004 Slovenia
35%
2004 Ungheria
35%
2007 Bulgaria
31%
Nessun quiz corrispondente trovato
Distribuzione punteggi
Percentuale di utenti per punteggio
Percentile per numero di risposta
I tuoi punteggi nel tempo
Non hai fatto questo quiz